Mers du monde - Statistiques

Statistiques générales
  • Ce quiz a été pris 141 fois
    101 depuis la dernière actualisation
  • Le résultat moyen est 19 sur 51
Statistiques - réponses
Hint Réponse % Correct
Océan Atlantique Mer Méditerranée
90%
Océan Atlantique Mer Noire
89%
Océan Indien Mer Rouge
89%
Océan Atlantique Mer du Nord
76%
Océan Atlantique Mer Baltique
73%
Océan Atlantique Mer Égée
68%
Océan Atlantique Mer Adriatique
65%
Océan Atlantique Manche
63%
Océan Atlantique Mer des Caraïbes
63%
Océan Pacifique Mer du Japon
62%
Océan Pacifique Mer Jaune
62%
Océan Arctique Mer Blanche
52%
Océan Pacifique Mer de Tasman
51%
Océan Pacifique Mer de Chine Orientale
44%
Océan Atlantique Mer Ionienne
44%
Océan Pacifique Mer de Béring
43%
Océan Atlantique Mer de Marmara
43%
Océan Atlantique Mer d'Irlande
41%
Océan Atlantique Mer de Norvège
40%
Océan Pacifique Mer de Java
37%
Océan Arctique Mer du Groenland
37%
Océan Atlantique Mer Tyrrhénienne
37%
Océan Atlantique Mer d'Azov
35%
Océan Pacifique Mer de corail
35%
Océan Pacifique Mer des Philippines
32%
Océan Arctique Mer de Barents
30%
Océan Pacifique Mer d'Okhotsk
29%
Océan Indien Mer d'Andaman
27%
Océan Arctique Mer de Beaufort
27%
Océan Arctique Mer de Kara
27%
Océan Arctique Mer de Sibérie orientale
27%
Océan Arctique Mer de Baffin
25%
Océan Atlantique Mer de Botnie
25%
Océan Atlantique Mer des Baléares
25%
Océan Arctique Mer du Labrador
25%
Océan Pacifique Mer de Célèbes
24%
Océan Arctique Mer de Laptev
24%
Océan Pacifique Mer d'Arafura
22%
Océan Arctique Mer des Tchouktches
22%
Océan Indien Mer d'Oman
22%
Océan Arctique Mer de Lincoln
21%
Océan Atlantique Mer des Sargasses
21%
Océan Antarctique Mer de Davis
19%
Océan Pacifique Mer de Timor
17%
Océan Antarctique Mer de Ross
16%
Océan Pacifique Mer de Flores
14%
Océan Antarctique Mer de Scotia
13%
Océan Antarctique Mer de Cosmonaut
11%
Océan Pacifique Mer de Chine du Sud
10%
Océan Pacifique Mer des Salomons
10%
Océan Arctique Mer de Melville
8%
Aucun quiz correspondant
Distribution des résultats
% des personnes avec chaque résultat
Percentile par nombre de réponses
Votre historique - résultats
Vous n’avez pas pris ce quiz depuis la dernière actualisation